000 00738nam a22002297a 4500
999 _c7522
_d7522
003 AR-CdUCM
008 190320b ||||| |||| 00| 0 spa d
020 _a84-205-0789-X
040 _aMUNICIPALIDAD PROVINCIAL DEL CUSCO
_cBIBLIOTECA MUNICIPAL DEL CUSCO
082 _a621.384 /
_bC42
100 _aCebrian Herreros, M.
_921235
245 _aDiccionario de radio y televisión :
_bBases de una delimitación terminológia /
260 _aMadrid :
_bAlhambra,
_c1981.
300 _a375 paginas ;
_c20 cm.
500 _aDiccionario de radio y television
650 _aDiccionario Universal
_918314
650 _aRadio
_913281
650 _aTelevisión
_919396
650 _aAudiovisuales
_921236
942 _2ddc
_cLIBROS
945 _apjha